Obálka Náhled e-knihy:
PDF Epub
Pro půjčování e-knih musíte být přihlášeni.
Jak si půjčit online?

Nech život plynout. 1. díl, Vše, čím jsme nikdy nebyli /

Milostná romance španělské autorky, v níž se tragická událost paradoxně stane prvním krokem ke štěstí.

Uloženo v:
Série:Nech život plynout, část 1
Hlavní autor: Kellen, Alice, 1989- (Autor)
Další autoři: Lochman Strnadová, Karolína, 1993- (Autor)
Médium: E-kniha
Jazyk:Czech
Vydáno: Praha : Dobrovský s.r.o., 2022
Edice:Red
Témata:
Příbuzné jednotky:Z cyklu:: Nech život plynout
Tagy:
Žádné tagy
LEADER 02931nam a2200457 i 4500
001 311769
003 CZ PrSKC
005 20260601215711.0
007 ta
008 221114s2022 xr g 000 f cze
015 |a cnb003472259 
020 |a 9788027704491  |q (vázáno) 
035 |a (OCoLC)1378696517 
040 |a ABG001  |b cze  |e rda 
041 1 |a cze  |h spa 
072 7 |a 821.134.2-3  |x Španělská próza, španělsky psaná  |2 Konspekt 
080 |a 821.134.2-31  |2 MRF 
080 |a (0:82-312.5)  |2 MRF 
100 1 |a Kellen, Alice,  |d 1989-  |7 xx0278733  |4 aut 
240 1 0 |a Todo lo que nunca fuimos.  |l Česky 
245 1 0 |a Nech život plynout.  |n 1. díl,  |p Vše, čím jsme nikdy nebyli /  |c Alice Kellen ; ze španělského originálu Todo lo que nunca fuimos přeložila Karolina Strnadová 
246 3 0 |a Vše, čím jsme nikdy nebyli 
264 1 |a Praha :  |b Dobrovský s.r.o.,  |c 2022 
300 |a 380 stran ;  |c 21 cm 
336 |a text  |b txt  |2 rdacontent 
337 |a bez média  |b n  |2 rdamedia 
338 |a svazek  |b nc  |2 rdacarrier 
490 1 |a Red 
520 2 |a Milostná romance španělské autorky, v níž se tragická událost paradoxně stane prvním krokem ke štěstí.  |b Leah je na dně. Už nemaluje. Od autonehody, kterou přežila a která jí vzala rodiče, je pouhým přízrakem sebe sama. Dál by se skrývala před světem, do něhož už nezapadá, nebýt nejlepšího kamaráda jejího staršího bráchy: Axela. Axel se rozhodne jejímu bratrovi pomoct a vzít si Leah na pár měsíců k sobě do odlehlého domu na pláži v Byron Bay. Tam se snaží najít a znovu seskládat střípky dívky překypující životem a sršící tvůrčí energií, jíž Leah ještě nedávno byla. Neví ale, že ačkoliv spolu vyrůstali a jsou jako rodina, Leah do něj byla vždycky zamilovaná. A taky netuší, že jeho klidný a rutinní život brzy změní směr. Protože ona je zakázané ovoce, po němž najednou nevysvětlitelně a dychtivě touží. Protože někdy stačí dát věcem volný průběh a získáte všechno, co jste kdy chtěli. Nakladatelská anotace. Kráceno. 
655 7 |a španělské romány  |7 fd133918  |2 czenas 
655 7 |a milostné romány  |7 fd132840  |2 czenas 
655 9 |a Spanish fiction  |2 eczenas 
655 9 |a love novels  |2 eczenas 
700 1 |a Lochman Strnadová, Karolína,  |d 1993-  |7 xx0278739  |4 trl 
787 0 8 |i Z cyklu:  |t Nech život plynout  |g 1 
830 0 |a Red 
900 |a ABA001  |b 21 
044 |a xr 
910 |a RBIT002 
998 |d 364526  |a https://core.palmknihy.cz/api/books/364526/cover?rlsnon  |b https://core.palmknihy.cz/api/books/364526/cover/400?rlsnon  |c https://core.palmknihy.cz/api/books/364526/cover/50?rlsnon  |e 2026-09-07  |g 384  |i 9788027704491  |j https://core.palmknihy.cz/api/books/364526/preview.epub  |k https://core.palmknihy.cz/api/books/364526/preview.pdf  |l   |q 49  |r 1  |s https://www.palmknihy.cz/kniha/364526  |t ebook  |y 2022  |z 0  |v Nech život plynout  |w 1 
999 |d 311767